Early Mamluk diplomacy, 1260-1290 : treaties of Baybars and Qalāwūn with Christian rulers /

محفوظ في:

المؤلف الرئيسي: Holt, P. M. (مؤلف)

التنسيق: كتاب

اللغة: English

منشور في: Leiden ; New York : E.J. Brill, 1995.

سلاسل: Islamic history and civilization : studies and texts, 12.

الموضوعات:

الوسوم: إضافة وسم

لا توجد وسوم, كن أول من يضع وسما على هذه التسجيلة!

رقم الطلب: DS38.7 .H65 1995

LEADER 01030namaa2200265 4500
001 20684
003 OSt
005 20260105141303.0
008 130303s1995 ne b b 001 0 eng d
010 |a 95003021 
040 |c ARCE Library 
043 |a aw-----  |a e------ 
050 4 |a DS38.7 .H65 1995 
100 1 |a Holt, P. M.,   |q (Peter Malcolm),   |e author 
245 1 0 |a Early Mamluk diplomacy, 1260-1290 :  |b treaties of Baybars and Qalāwūn with Christian rulers /  |c by P. M. Holt. 
264 1 |a Leiden ;  |a New York :  |b E.J. Brill,  |c 1995. 
300 |a viii, 161 pages :  |b maps ;  |c 25 cm. 
490 1 |a Islamic history and civilization : studies and texts,   |x 0929-2403 ;   |v 12. 
504 |a Includes bibliographical references (pages [152]-154) and indexes. 
651 0 |a Islamic Empire  |x Foreign relations  |z Europe  |x Sources. 
651 0 |a Europe  |x Foreign relations  |z Islamic Empire  |x Sources. 
830 0 |a Islamic history and civilization : studies and texts,   |x 0929-2403 ;   |v 12. 
901 |a reviewed 
942 |c BK  |2 lcc 
999 |c 17144  |d 17144